Human relations in business

Saved in:
Bibliographic Details
Main Author: Carvell, Fred J.
Format: Book
Language:Undetermined
Published: New York The Macmillan Company 1970
Subjects:
Tags: Add Tag
No Tags, Be the first to tag this record!
Institutions: Trung tâm Học liệu Trường Đại học Cần Thơ
LEADER 00460nam a2200169Ia 4500
001 CTU_78431
008 210402s9999 xx 000 0 und d
082 |a 158.7 
082 |b C469 
100 |a Carvell, Fred J. 
245 0 |a Human relations in business 
245 0 |c Fred J. Carvell 
260 |a New York 
260 |b The Macmillan Company 
260 |c 1970 
650 |a International relations 
980 |a Trung tâm Học liệu Trường Đại học Cần Thơ